01277nas a2200241Ia 4500001001100000003001000011008004100021040002500062041001300087100002800100210003200128222003200160245008200192250001100274260005000285300001200335310001500347362003500362500024900397501011400646520024900760650002601009R050-S3015IT-CnALBA170116c99999999xx |||||||||||| ||und|| aIT-CnALBAcIT-CnALBA aITALIANO aFAMOSO SALVATORE, MONS. aRIVISTA PASTORALE LITURGICA aRIVISTA PASTORALE LITURGICA 0aRIVISTA PASTORALE LITURGICA. GENNAIO 1970. NUOVO RITO BATTESIMO. ORGANO CAI.  a1a ed. a BRESCIAbQUERINIANA EDIT. LIBR. VESC. c1970 a110 p.  aBIMESTRALE aFascicolo: 38 / Anno: 8 (1970) aNUOVO RITO. SVOLGIMENTO. CONSIDERAZIONI TEOLOGICO PASTORALI. RUFFINI E. TEOLOGIA BATTESIMO. LODI E. BAMBINI. STRANIERO G. COMUNITARIO E INDIVIDUALE. AZIONE PASTORALE. ANNO D'ESPERIMENTI. LEZIONARIO. MEDITAZIONE. ASTERISCHI. INDICE ANNATA 1969.  aSocietà San Paolo EM - Piazza San Paolo, 14 - 12051 ALBA (CN) (non commercial uses only) ® Copyright 2017 aNUOVO RITO. SVOLGIMENTO. CONSIDERAZIONI TEOLOGICO PASTORALI. RUFFINI E. TEOLOGIA BATTESIMO. LODI E. BAMBINI. STRANIERO G. COMUNITARIO E INDIVIDUALE. AZIONE PASTORALE. ANNO D'ESPERIMENTI. LEZIONARIO. MEDITAZIONE. ASTERISCHI. INDICE ANNATA 1969.  aPASTORALE - LITURGIA